Fleet manažment - nástroj riadenia dopravnej spoločnosti diplomová práca

Salvato in:
Dettagli Bibliografici
Autore principale: Bartoš, Peter
Ente Autore: Fakulta podnikového manažmentu EU. Katedra manažmentu výroby a logistiky - zrušená
Altri autori: Richnák, Patrik, 1988-
Natura: Libro
Lingua:slovacco
Pubblicazione: Bratislava 2020
Tags: Aggiungi Tag
Nessun Tag, puoi essere il primo ad aggiungerne!!

MARC

LEADER 00000nbm a2200000 4500
001 0266133
005 20201123090838.8
041 0 |a slo 
044 |a SK 
245 1 0 |a Fleet manažment - nástroj riadenia dopravnej spoločnosti  |b diplomová práca  |c Peter Bartoš ; školiteľ: Patrik Richnák 
264 1 |a Bratislava  |c 2020 
300 |a 72 s. 
100 1 |a Bartoš, Peter 
700 1 |a Richnák, Patrik, 1988- 
710 2 |a Fakulta podnikového manažmentu EU. Katedra manažmentu výroby a logistiky - zrušená